000 00826nam a2200265Ia 4500
003 OSt
005 20220928124955.0
006 a|||||r|||| 00| 0
007 ta
008 220927b |||||||| |||| 00| 0 eng d
020 _cUSD 115.00
024 _a133562
037 _b105, 14/03/2017, Aviva Books Company
_cTextual
040 _aSDCL
_cSDCL
_beng
041 _2eng
_aeng
082 _aL72, Q6
100 _aArbib Michael A. Ed.
_9467373
245 0 _aFrom neuron to cognition via computation neuroscience
260 _aCambridge
_bMIT Press
_c2016
300 _axvi,790p.
_ccm.
650 _aBiophysics
700 _a Bonaiuto James J. Ed.
_9467374
942 _hL72, Q6
_cTEXL
_2CC
999 _c780226
_d780226